Anuario guía de la prensa española e industrias anexas. (Record no. 2532)

MARC details
000 -LEADER
campo de control de longitud fija 00749nas a22002411i 4500
001 - NÚMERO DE CONTROL
campo de control 2532
003 - IDENTIFICADOR DE NÚMERO DE CONTROL
campo de control ES-MaACL
005 - FECHA Y HORA DE LA ÚLTIMA TRANSACCIÓN
campo de control 20250217134645.0
007 - CAMPO FIJO DE DESCRIPCIÓN FÍSICA--INFORMACIÓN GENERAL
campo de control de longitud fija t|
008 - DATOS DE LONGITUD FIJA--INFORMACIÓN GENERAL
campo de control de longitud fija 950801d18971897sp a| m | 1 ||pa d
080 ## - NÚMERO DE LA CLASIFICACIÓN DECIMAL UNIVERSAL
Número de la Clasificación Decimal Universal 65
100 1# - ENTRADA PRINCIPAL--NOMBRE DE PERSONA
Nombre de persona Santome, Francisco.
9 (RLIN) 155262
245 10 - MENCIÓN DEL TÍTULO
Título Anuario guía de la prensa española e industrias anexas.
246 3# - FORMA VARIANTE DEL TITULO
Título propio/Titulo breve Anuario-guía de la prensa española e industrias anexas con secciones de publicidad
Resto del título : edición de 1897
260 ## - PUBLICACIÓN, DISTRIBUCIÓN, ETC.
Lugar de publicación, distribución, etc. Madrid :
Nombre del editor, distribuidor, etc. Enrique J. de Rojas,
Fecha de publicación, distribución, etc. [1897]
300 ## - DESCRIPCIÓN FÍSICA
Extensión 1 v. :
Otras características físicas il., lám. ;
Dimensiones 22 cm.
650 14 - PUNTO DE ACCESO ADICIONAL DE MATERIA--TÉRMINO DE MATERIA
Término de materia o nombre geográfico como elemento de entrada Industria. Comunicaciones.
9 (RLIN) 13720
655 #7 - TERMINO DE INDIZACIÓN--GENERO/FORMA
Fuente del término tgfbne
9 (RLIN) 226822
Datos o término principal de género/forma Anuarios
852 ## - LOCALIZACIÓN
Ubicación ES-MaACL
Número de control de estantería G-11352
866 #1 - MENCIÓN TEXTUAL DE FONDOS--UNIDAD BIBLIOGRÁFICA BÁSICA
Fondos 1897.
942 ## - ELEMENTOS DE ENTRADA SECUNDARIOS (KOHA)
Fuente del sistema de clasificación o colocación Clasificación decimal universal
Holdings
Estatus retirado Estado de pérdida Estado de daño No para préstamo Colección Biblioteca de origen Biblioteca actual Ubicación en estantería Fecha de adquisición Fuente de adquisición Total de préstamos Signatura topográfica completa Código de barras Visto por última vez Precio de reemplazo Tipo de ítem Koha
        Periódicos y Revistas Biblioteca del Ateneo de Madrid Biblioteca del Ateneo de Madrid Sala Pecera Planta 3 17/01/2008     G-11352 1002575 23/02/2023 23/02/2023 Revista